• 首页
  • 本馆介绍
  • 公告通知
  • 最新文献
  • 馆藏检索
  • 电子资源
  • 读者导购
  • 参考咨询
  • 我的图书馆
  • 登录
  • 详细信息显示
  • 放入我的书架
  • 预约/预借图书
  • 作者相关作品
  • 分类相关作品
  • 丛书相关作品
  • 出版社相关作品

书目信息

  • 表格格式
  • 工作单格式
  • 卡片格式
题名:
特殊钢
    
 
作者: 札依莫夫斯基 , 别尔恩什杰因 著 ;北京编译社 译
分册: 第二分册  
出版信息: 北京   中国工业出版社  1965
页数: 795页
开本: 20cm
丛书名:
单 册:
中图分类: TG142
科图分类:
主题词: 金属材料
电子资源:
ISBN:
000 00742nam0 2200205 450
001 0661139581
005 20060427170236.89
010    @b精装@dCNY3.50
100    @a20060427d1965 km y0chiy0120 ea
101 0  @achi
200 1  @a特殊钢@Ate shu gang@h第二分册@f(苏)А·С·札依莫夫斯基,М·Л·别尔恩什杰因著@F(su)А·С·zha yi mo fu si ji,М·Л·bie er en shen jie yin zhu@g北京编译社等译@Gbei jing bian yi she deng yi
210    @a北京@c中国工业出版社@d1965
215 1  @a795页@d20cm
606 0  @a金属材料
690    @aTG142@v4
701  0 @a札依莫夫斯基@Azha yi mo fu si ji@4著
701  0 @a别尔恩什杰因@Abie er en shen jie yin@4著
712  0 @a北京编译社@Abei jing bian yi she@4译
801  0 @aCN@bPFT@c20060427
905    @a10447@dTG142@e4:2
    
    特殊钢.第二分册/(苏)А·С·札依莫夫斯基,М·Л·别尔恩什杰因著/北京编译社等译.-北京:中国工业出版社,1965
    795页;20cm
    
    
    ISBN (精装):CNY3.50
    
●
相关链接 在E读中查询图书 在五车中查询图书 在当当中查询图书 在豆瓣中查询图书


正题名:特殊钢     索取号:TG142/4:2         预约/预借

序号 登录号 条形码 馆藏地/架位号 状态 备注
1 0017597   202265011   密集书库/ [索取号:TG142/4:2] 在馆    
唐山师范学院图书馆 欢迎您!
大连网信软件有限公司© 版权所有